00637cam a2200181 a 4500020001500000020002200015082001400037100001900051245004700070250001200117260008100129300002600210500002000236650002200256856005900278856006300337856005500400 a0521322340 a0521311179 (pbk.)00a547.2 CAR1 aCarruthers, W.10aSome modern methods of organic synthesis / a3rd ed. aCambridge [Cambridgeshire] ;aNew York :bCambridge University Press,c1986. axii, 526 p. :bill. ; aIncludes index. 0aOrganic compounds41uhttp://www.loc.gov/catdir/samples/cam031/85021270.html42uhttp://www.loc.gov/catdir/description/cam023/85021270.html41uhttp://www.loc.gov/catdir/toc/cam028/85021270.html